000 00592nam a22001817a 4500
003 OSt
005 20150907133124.0
008 130701t xxu||||| |||| 00| 0 eng d
050 _aDS 668
_b.Ag275 2012
082 _aFIL 959.9
_bAg7 2006
100 _aAgoncillo, Teodoro.
245 _aHistory of the Filipino people /
_cTeodoro Agoncillo.
260 _aQuezon City, Philippines :
_bGarotech Publishing,
_c2006.
300 _axv, 682 pages :
_c23 cm.
_billustrations ;
500 _a Philippine--history, local. 2. History of the Filipino People
562 _e1
942 _2lcc
_cBK
_kFIL
999 _c288630
_d288630